| 000 | 00402nab a22001097u 4500 | ||
|---|---|---|---|
| 008 | 130520b2001 xxu||||| |||| 00| 0 spa d | ||
| 041 | _aspa | ||
| 100 | 1 |
_aMoingt, Joseph _c(S.I.) _d(1915-2020) _9121756 |
|
| 245 | 0 | 0 |
_aImágenes, iconos e idólos de Dios: la cuestion de la verdad en la teología cristiana _cJoseph Moingt |
| 773 | 0 |
_tConcilium _gnº289,2001,págs. 153-162 _x0210-1041 _wRev134 |
|
| 942 | _cAR | ||
| 999 |
_c356108 _d356108 |
||